Latvia in the Eurovision Song Contest - Statistics

General Stats
  • This quiz has been taken 24 times
    4 since last reset
  • The average score is 8 of 26
Answer Stats
Answer % Correct
Aijā
100%
Ēnā
100%
Hollow
100%
Cake To Bake
67%
Funny Girl
67%
Heartbeat
67%
Line
67%
Love Injected
67%
The Moon Is Rising
67%
Beautiful Song
33%
Bur man laimi
33%
I Wanna
33%
That Night
33%
Angel in Disguise
0%
Dziesma par laimi
0%
Eat Your Salad
0%
Hello from Mars
0%
Here We Go
0%
I Hear Your Heart
0%
My Star
0%
Probka (Пробка)
0%
Questa notte
0%
The War Is Not Over
0%
Too Much
0%
What For?
0%
Wolves of the Sea
0%
No matching quizzes found
Score Distribution
Percent of People with Each Score
Percentile by Number Answered
Your Score History
You have not taken this quiz since the last reset